000
00335nam a2200133Ia 4500
999
_c
10864
_d
10864
008
191201s2009 xx 000 0 und d
100
_a
RAJSEKHAR, T.
245
0
_a
Journalism Administration
250
_a
1st
260
_a
New Delhi
_b
Sonali Pub
_c
2008
300
_a
298
650
_a
Bachelor of Mass Communication
942
_2
ddc
_c
BK